Loading...
| Beliefs | 6 | 15.00 | 100% | 33% | 17% |
| Fine Arts - Classical Music and Opera | 6 | 15.00 | 100% | 50% | 0% |
| Fine Arts - Other Arts | 4 | 15.00 | 75% | 75% | 0% |
| Geography | 4 | 7.50 | 75% | 0% | 0% |
| History - American | 6 | 8.33 | 67% | 17% | 0% |
| History - Ancient | 6 | 8.33 | 67% | 17% | 0% |
| History - European | 5 | 14.00 | 100% | 40% | 0% |
| History - Other | 1 | 20.00 | 100% | 100% | 0% |
| History - World | 3 | 13.33 | 100% | 33% | 0% |
| Literature - American | 5 | 14.00 | 80% | 40% | 20% |
| Literature - British | 7 | 18.57 | 100% | 57% | 29% |
| Literature - European | 1 | 10.00 | 100% | 0% | 0% |
| Literature - World | 5 | 20.00 | 100% | 80% | 20% |
| Other Academic | 1 | 10.00 | 100% | 0% | 0% |
| Philosophy | 6 | 16.67 | 100% | 50% | 17% |
| Science - Biology | 7 | 12.86 | 71% | 57% | 0% |
| Science - Chemistry | 2 | 10.00 | 100% | 0% | 0% |
| Science - Other | 7 | 10.00 | 100% | 0% | 0% |
| Science - Physics | 3 | 6.67 | 67% | 0% | 0% |
| Social Science | 10 | 15.00 | 90% | 60% | 0% |
| Visual Arts | 5 | 18.00 | 100% | 20% | 60% |